Statistics for 3 biggest cities by country (Europe)

Click here to take the quiz!

General Stats

  • This quiz has been taken 789 times
    (788 since last reset)
  • The average score is 21 of 24

Answer Stats

Answer% Correct
Berlin
100%
London
100%
Madrid
100%
Paris
100%
Rome
100%
Amsterdam
99%
Athens
99%
Barcelona
99%
Warsaw
98%
Milan
97%
Munich
95%
Marseille
94%
Naples
93%
Birmingham
92%
Hamburg
92%
Lyon
91%
Rotterdam
90%
Krakow
84%
Valencia
82%
Leeds
78%
Thessaloniki
68%
The Hague
63%
Lodz
46%
Patras
18%

Score Distribution

Percentile by Number Answered

Percent of People with Each Score

Your Score History

You have not taken this quiz since the last reset